Evénements du 8 janvier - Statistiques

Statistiques générales
  • Ce quiz a été pris 43 fois
  • Le résultat moyen est 5 sur 15
Statistiques - réponses
Hint Réponse % Correct
Le « Oui » l'emporte, au référendum sur l'autodétermination en Algérie. 1961
84%
Naissance du chanteur David Bowie 1947
58%
Naissance du chanteur Elvis Presley 1935
52%
Mort de Paul Verlaine 1896
45%
Intronisation d'Akihito comme empereur du Japon, 1989
42%
Louis XII épouse Anne de Bretagne 1499
35%
René Robert Cavelier de La Salle atteint les chutes du Niagara. 1679
35%
Fondation de la dysnastie Grimaldi 1297
32%
Mort de Marco Polo 1324
32%
Bobby Fischer remporte les championnats d'échecs des États-Unis à 14 ans 1958
29%
Charles de Gaulle devient le 1er président de la Ve République 1959
26%
Naissance du chanteur Jack Lantier 1930
23%
Naissance du peintre Serge Poliakoff 1900
16%
Sarah Bernhardt reçoit la croix de chevalier de la Légion d'Honneur 1914
10%
Fondation en Afrique-du-Sud de l'African National Congress 1912
6%
Aucun quiz correspondant
Distribution des résultats
% des personnes avec chaque résultat
Percentile par nombre de réponses
Votre historique - résultats
Vous n’avez pas pris ce quiz